De L'Algérie au Dahomey en automobile (Record no. 23734)

MARC details
000 -LEADER
fixed length control field 00374 a2200181 4500
130 ## - VEDETTE PRINCIPALE - TITRE UNIFORME
Language of a work fr
100 ## - VEDETTE PRINCIPALE - NOM DE PERSONNE
Personal name DE KEREILLIS,H.
260 ## - PUBLICATION, DISTRIBUTION, ETC. (IMPRINT)
Name of publisher, distributor, etc Librarie Plon
245 ## - TITLE STATEMENT
Title De L'Algérie au Dahomey en automobile
260 ## - PUBLICATION, DISTRIBUTION, ETC. (IMPRINT)
Place of publication, distribution, etc Paris
260 ## - PUBLICATION, DISTRIBUTION, ETC. (IMPRINT)
Date of publication, distribution, etc 1945
300 ## - PHYSICAL DESCRIPTION
Extent 130 p.:ill
650 ## - SUBJECT ADDED ENTRY--TOPICAL TERM
Topical term or geographic name as entry element SOCIOLOGIE
650 ## - SUBJECT ADDED ENTRY--TOPICAL TERM
Topical term or geographic name as entry element BENIN
650 ## - SUBJECT ADDED ENTRY--TOPICAL TERM
Topical term or geographic name as entry element ALGERIE
Holdings
Withdrawn status Lost status Damaged status Not for loan Location (home branch) Sublocation or collection (holding branch) Date acquired Koha issues (times borrowed) Koha full call number Koha date last seen Copy number Price effective from Koha item type Public note
        Bibliothèque-Centre de Documentation de la Faculté des Sciences Agronomiques Bibliothèque-Centre de Documentation de la Faculté des Sciences Agronomiques     BEN.1925.001 28/02/2009 1 28/02/2009 Livre A.4058


© 2008, Bibliothèques de l'Université d'Abomey-Calavi

04 BP 789 Cotonou, Tél. : +229 21 36 01 01, Fax : +229 21 35 06 32

Courriel : bu@bu.uac.bj